La vie Alzheimer (notice n° 1513167)

détails MARC
000 -LEADER
fixed length control field 01674cam a2200145 4500500
005 - DATE AND TIME OF LATEST TRANSACTION
control field 20251012003617.0
041 ## - LANGUAGE CODE
Language code of text/sound track or separate title fre
042 ## - AUTHENTICATION CODE
Authentication code dc
100 10 - MAIN ENTRY--PERSONAL NAME
Personal name Benattar, Linda
Relator term author
245 00 - TITLE STATEMENT
Title La vie Alzheimer
260 ## - PUBLICATION, DISTRIBUTION, ETC.
Name of publisher, distributor, etc. Armand Colin,<br/>
Date of publication, distribution, etc. 2009.<br/>
520 ## - SUMMARY, ETC.
Summary, etc. Maladie véritable ou mutation de l’être, la maladie d’Alzheimer pose une douloureuse énigme. Tout, ici, est une question de point de vue: médical, anthropologique, sociologique… affectif&amp;#8239;! Il n’en reste pas moins que ces personnes recèlent en elles des trésors de tendresse que nul ne saurait contester, même si s’occuper d’un proche Alzheimer reste un véritable parcours du combattant. Un voyage long, difficile, épuisant.Cet ouvrage, fourmillant d’exemples pratiques, est destiné à faciliter la vie de ces personnes et de leur entourage familial et professionnel. Montrant bien les causes d’échec des prises en charge classiques, les auteurs abordent le sujet sous un angle positif.Ils mettent l’accent sur les bénéfices et le bien-être qu’apporte un environnement de vie approprié, sans entrave ni contention. Il ne s’agit plus de traiter, mais de prendre soin. Un changement global d’attitude est dès lors nécessaire pour apaiser la personne, réduire son traitement, lui permettre d’accéder à une autre dimension du bonheur, maladie contagieuse comme chacun sait.Proches familiaux et professionnels trouveront ici de précieux conseils de vie et d’accompagnement à la maison et en institution.
700 10 - ADDED ENTRY--PERSONAL NAME
Personal name Lemoine, Patrick
Relator term author
856 41 - ELECTRONIC LOCATION AND ACCESS
Uniform Resource Identifier <a href="https://shs.cairn.info/la-vie-alzheimer--9782200350727?lang=fr&redirect-ssocas=7080">https://shs.cairn.info/la-vie-alzheimer--9782200350727?lang=fr&redirect-ssocas=7080</a>

Pas d'exemplaire disponible.

PLUDOC

PLUDOC est la plateforme unique et centralisée de gestion des bibliothèques physiques et numériques de Guinée administré par le CEDUST. Elle est la plus grande base de données de ressources documentaires pour les Étudiants, Enseignants chercheurs et Chercheurs de Guinée.

Adresse

627 919 101/664 919 101

25 boulevard du commerce
Kaloum, Conakry, Guinée

Réseaux sociaux

Powered by Netsen Group @ 2025